000
00308nam a22001217a 4500
003
OSt
008
241004b |||||||| |||| 00| 0 eng d
082
_a
630.058
_b
R68A
100
_a
Rockefelter Foundation
245
_a
Programme in the Agric Sciences Annual report 1960-61
300
_a
326
942
_2
ddc
_c
PER
999
_c
46184
_d
46184